000 00327nam a2200133 i 4500
001 bg
100 1 _aKANDEFER, S.
245 0 _aSpalanie fluidalne odpadów i paliw niskogatunkowych /
_cS.Kandefer.
260 _aKraków,
_c1989.
040 _cBPK
041 _apol
942 _cKS
008 s pl f |000 0 pol
999 _c29207
_d29207
856 _uhttp://koha.tu.koszalin.pl/cgi-bin/koha/opac-detail.pl?biblionumber=29207
_yKatalog online BPK